| 000 | 00679nam a2200241 a 4500 | ||
|---|---|---|---|
| 005 | 20140310183449.0 | ||
| 008 | 081223s19uu xx 00 eng d | ||
| 020 | _a9780071254106 | ||
| 050 |
_aHD 31 _b.An495 2007 |
||
| 100 | _aAnthony, Robert N. | ||
| 245 |
_aManagement control systems / _cRobert N. Anthony. |
||
| 250 | _a12th ed. | ||
| 260 |
_aBoston : _bMcGraw-Hill, _c2007. |
||
| 300 |
_a768 p. : _bill. ; _c27 cm. |
||
| 521 | _aBSBA | ||
| 650 | _aBSBA. | ||
| 650 | _aIndustrial management. | ||
| 650 |
_aIndustrial management _xCase studies. |
||
| 650 | _aCost control. | ||
| 700 | _aGovindarajan, Vijay | ||
| 942 |
_cBK _2lcc _kFOR |
||
| 999 |
_c23321 _d23321 |
||